000 00301nam a22001337a 4500
008 181107b xxu||||| |||| 00| 0 eng d
020 _a9780803617179
041 _aeng
080 _a610
100 _a3
101 _aSHM
245 _aS[inal Cord Injury Rehabilation
_cField.E.C
942 _2udc
_cBK
999 _c52151
_d52151